| 000 | 00665nam a2200193 a 4500 | ||
|---|---|---|---|
| 001 | 1524 | ||
| 005 | 20140414131919.0 | ||
| 008 | 001116s19uu xx 00 eng d | ||
| 020 | _a962-578-080-7 | ||
| 050 |
_aER _bM66 Vol.3 |
||
| 245 | _aMini treasure chest of great fairy tales III, book 5. | ||
| 260 |
_aWanchai, Hong Kong : _bTormont, _c[n.d.] |
||
| 300 | _a16 p. : ill. ; cm. | ||
| 440 | _aMini treasure chest of great fairy tales | ||
| 500 | _aTitle includes: The Hare and the Procupine--The Country Mouse and the Town Mouse--The Story of Thumbelina--The Fox and the Stork. | ||
| 650 | _aFairy tales. | ||
| 650 | _aChildren stories. | ||
| 999 |
_c111666 _d111666 |
||